| 000 | 00481nam a2200169Ia 4500 | ||
|---|---|---|---|
| 008 | 180207s9999 xx 000 0 und d | ||
| 020 | _a9715081746 | ||
| 050 | _bA445 2002 | ||
| 100 | _aAlmario, Virgilio S. | ||
| 245 | _aSi langgam at si tipaklong / | ||
| 245 | _cVirgilio S. Almario ; illustrated by Renato Gamos ; colors by Nemcy Cruz / | ||
| 260 | _aPhilippines : | ||
| 260 | _bAdarna House, | ||
| 260 | _c2002 | ||
| 300 | _aunpaged : | ||
| 300 | _bcolor illustrations ; | ||
| 999 |
_c355879 _d355879 |
||